Statistics for Updated: Countries with no cases of Coronavirus

Click here to take the quiz!

General Stats

  • This quiz has been taken 32 times
    (5 since last reset)
  • The average score is 4 of 7

Answer Stats

PopulationAnswer% Correct
25,778,816North Korea
100%
10,823Nauru
75%
18,094Palau
75%
119,451Kiribati
50%
105,695Tonga
50%
6,031,200Turkmenistan
50%
11,793Tuvalu
25%

Score Distribution

Percentile by Number Answered

Percent of People with Each Score

Your Score History

You have not taken this quiz since the last reset